000 00310nam a2200133Ia 4500
005 20251222152622.0
008 251222s9999||||xx |||||||||||||| ||spa||
020 _a8477641773
082 _a540/O28/T.I/Ej.2
100 _aOceano S.A.
245 0 _aEl Mundo de la QuĂ­mica:
264 _bOceano
942 _cLIB
999 _c27383
_d27383